| 000 | 00465nam a2200181Ia 4500 | ||
|---|---|---|---|
| 008 | 240925s9999 xx 000 0 und d | ||
| 020 | _a9781118494561 | ||
| 082 | _a332.6 SCH | ||
| 100 | _aGreenblatt, Joel | ||
| 245 | 0 | _aMarket Sense and Non Sense | |
| 250 | _aNA | ||
| 260 |
_aNew Delhi: _bJohn Wiley and Sons _c,2013. |
||
| 300 |
_a296p. _b0 _fOriginal |
||
| 500 | _aIncludes Index | ||
| 600 | _aSocial Sciences | ||
| 650 | _aSocial Sciences | ||
| 942 | _cBK | ||
| 999 |
_c14980 _d14980 |
||